Labubu exciting macarons - name - Statistics

General Stats
  • This quiz has been taken 21 times
  • The average score is 5 of 7
Answer Stats
Answer % Correct
Green Grape
88%
Lychee berry
88%
Sea Salt Coconut
88%
Soymilk
75%
Toffee
75%
Sesame Bean
56%
Chestnut Cocoa
38%
No matching quizzes found
Score Distribution
Percent of People with Each Score
Percentile by Number Answered
Your Score History
You have not taken this quiz